000 00682nam a2200289Ia 4500
005 20260324121511.0
008 008 260324s9999 xx 000 0 eng d
020 _a9781315779065
037 _aEBOOK
040 _aCRL
040 _beng
040 _cCRL
041 _2eng
041 _aeng
084 _qCRL
100 _aPhyllis Rackin; Evelyn Gajowski
_91162758
245 4 _aThe Merry Wives of Windsor
245 0 _bNew Critical Essays
260 _bTaylor and Francis
260 _c2014
365 _a
365 _b240
856 _uhttp://www.taylorfrancis.com/books/9781315779065
942 _cEBOOK
999 _c1754897
_d1754897